000 00473nam a2200169Ia 4500
005 20250508155647.0
008 008 250505s9999 xx 000 0 hin d
037 _aBooks to be hide in OPAC
040 _aFEDL
_beng
_cFEDL
041 _ahin
_2eng
084 _a379.111, IND/O
_qFEDL
245 0 _aSanstha niyojan ki rashtriya sangoshthi ka prativedan
245 0 _cINDIA
300 _a116p.
942 _cHB
_h379.111, IND/O
999 _c1358605
_d1358605